A Changing Japanese in a changing world economy : A conference on the japanese economy

Salvato in:
Dettagli Bibliografici
Natura: Libro
Lingua:Undetermined
Pubblicazione: New York United States-Japan Trade Council 1976
Soggetti:
Tags: Aggiungi Tag
Nessun Tag, puoi essere il primo ad aggiungerne! !
Thư viện lưu trữ: Trung tâm Học liệu Trường Đại học Cần Thơ
LEADER 00505nam a2200169Ia 4500
001 CTU_97031
008 210402s9999 xx 000 0 und d
082 |a 330.952 
082 |b C454 
245 2 |a A Changing Japanese in a changing world economy : 
245 2 |b A conference on the japanese economy 
260 |a New York 
260 |b United States-Japan Trade Council 
260 |c 1976 
650 |a Organizational change 
904 |i M.Loan 
980 |a Trung tâm Học liệu Trường Đại học Cần Thơ